There is no substitute for proof (Record no. 71089)

MARC details
000 -LEADER
fixed length control field 01054cam a2200229 4500
001 - CONTROL NUMBER
control field ABS65807
008 - FIXED-LENGTH DATA ELEMENTS--GENERAL INFORMATION
fixed length control field 020905n2002 000 0 eng u
035 ## - SYSTEM CONTROL NUMBER
System control number (Sirsi) u119568
100 ## - MAIN ENTRY--PERSONAL NAME
Personal name Knowles, R.
245 ## - TITLE STATEMENT
Title There is no substitute for proof
260 ## - PUBLICATION, DISTRIBUTION, ETC.
Date of publication, distribution, etc. 2002
490 ## - SERIES STATEMENT
Series statement Civil Engineering Surveyor
Volume/sequential designation August 2002, 23(1)
520 ## - SUMMARY, ETC.
Summary, etc. The principle that if a legal right is infringed, resulting in financial loss, the right of recovery depends on an ability to prove that what is being alleged has occurred. This is highly relevant to contractors who submit claims and the 1991 case "Wharf Properties Ltd v Eric Cumine Associates" clarified this issue. The judge detailed the kind of conditions behind the success or failure of global claims.
590 ## - LOCAL NOTE (RLIN)
Local note ABS
650 ## - SUBJECT ADDED ENTRY--TOPICAL TERM
Topical term or geographic name entry element CONTRACT CLAIMS
650 ## - SUBJECT ADDED ENTRY--TOPICAL TERM
Topical term or geographic name entry element GLOBAL CLAIMS
650 ## - SUBJECT ADDED ENTRY--TOPICAL TERM
Topical term or geographic name entry element WHARF PROPERTIES LTD V ERIC CUMINE ASSOCIATES
650 ## - SUBJECT ADDED ENTRY--TOPICAL TERM
Topical term or geographic name entry element JOHN DOYLE CONSTRUCTION LTD V LAING MANAGEMENT LTD
650 ## - SUBJECT ADDED ENTRY--TOPICAL TERM
Topical term or geographic name entry element BURDEN OF PROOF
690 ## - LOCAL SUBJECT ADDED ENTRY--TOPICAL TERM (OCLC, RLIN)
Topical term or geographic name as entry element PROPERTY-COMMERCIAL PROPERTY
942 ## - ADDED ENTRY ELEMENTS (KOHA)
Suppress in OPAC 0
Holdings
Withdrawn status Lost status Source of classification or shelving scheme Damaged status Not for loan Home library Current library Shelving location Date acquired Total Checkouts Full call number Barcode Date last seen Copy number Price effective from Koha item type
    Dewey Decimal Classification     London London Journal article 05/09/2002   ABS65807 119568-1001 06/08/2019 1 06/08/2019 Journal article